Skupina 42 : pohled do sbírek Českého muzea výtvarných umění : [katalog výstavy] : Galerie Felixe Jeneweina v Kutné Hoře, leden-březen 1997 /

Hlavní autor: Potůčková, Alena, 1953-2018
Korporativní autor: České muzeum výtvarných umění (Praha, Česko)
Jazyk: Čeština
Vydáno: Praha : České muzeum výtvarných umění, 1997
Témata:
Fyzický popis: 1 složený list (11 s.) ; 21 x 60 cm složený na 21 x 10 cm
Knihy
Uloženo v:
LEADER 01775nam a2200421 a 4500
001 000137096
003 CZ BrMZK
005 20230622082031.0
008 960815s1997 xr e c dcze d
015 |a cnb000187393 
035 |a (OCoLC)38971438 
040 |a BOA001  |b cze 
043 |a e-xr---  |b e-xr-pg  |2 czenas 
045 |a x-x- 
072 7 |a 72/76  |x Výtvarné umění  |2 Konspekt  |9 21 
080 |a 72/76(437.3)  |2 MRF 
080 |a 7.036/.038  |2 MRF 
080 |a 7.071  |2 MRF 
080 |a 72/76:069.5  |2 MRF 
080 |a (437.311)  |2 MRF 
080 |a (083.824)  |2 MRF 
100 1 |a Potůčková, Alena,  |d 1953-2018  |7 jo2002109965  |4 aut 
245 1 0 |a Skupina 42 :  |b pohled do sbírek Českého muzea výtvarných umění : [katalog výstavy] : Galerie Felixe Jeneweina v Kutné Hoře, leden-březen 1997 /  |c [text Alena Potůčková]. 
260 |a Praha :  |b České muzeum výtvarných umění,  |c 1997 
300 |a 1 složený list (11 s.) ;  |c 21 x 60 cm složený na 21 x 10 cm 
610 2 7 |a Skupina 42 (umělecká skupina)  |7 kn20010710614  |2 czenas 
610 2 7 |a České muzeum výtvarných umění (Praha, Česko)  |7 kn20010709225  |2 czenas 
648 7 |a 20. století  |7 ch460558  |2 czenas 
650 0 7 |a české výtvarné umění  |7 ph116865  |y 20. století  |2 czenas 
650 0 7 |a moderní umění  |7 ph115340  |z Česko  |2 czenas 
650 0 7 |a umělecké skupiny  |7 ph126906  |z Česko  |2 czenas 
650 0 7 |a umělecké sbírky  |7 ph135222  |z Česko  |2 czenas 
651 7 |a Praha (Česko)  |7 ge118011  |2 czenas 
655 7 |a katalogy výstav  |7 fd132536  |2 czenas 
710 2 |a České muzeum výtvarných umění (Praha, Česko)  |7 kn20010709225 
910 |a BOA001  |b X-1029.788 
990 |a BK 
996 6 |b 2610048008  |c X-1029.788  |l MZK  |r Sklad / do 24 hodin  |n 18  |p p.v.  |w 000137096  |u 000010  |a 1  |e BOA001  |j MZK50  |s P